|
|
|
|
| LEADER |
00000naa2a2200000 4500 |
| 001 |
575464 |
| 005 |
20231101130116.0 |
| 035 |
|
|
|a (RuTPU)RU\TPU\prd\274290
|
| 035 |
|
|
|a RU\TPU\tpu\12409
|
| 090 |
|
|
|a 575464
|
| 100 |
|
|
|a 20171006d1987 k y0rusy50 ca
|
| 101 |
0 |
|
|a rus
|
| 102 |
|
|
|a RU
|
| 200 |
1 |
|
|a Медленнорелаксирующие информационные флуктации в белковых молекулах
|f Н. П. Диденко [и др.]
|
| 461 |
|
0 |
|0 (RuTPU)RU\TPU\prd\750
|x 0869-5652
|t Доклады Академии Наук СССР. Новая серия
|f Академия наук СССР (АН СССР)
|d 1933-1992
|
| 463 |
|
0 |
|0 (RuTPU)RU\TPU\prd\68138
|t Т. 293, № 3
|v С. 469-472
|d 1987
|
| 610 |
1 |
|
|a флуктации
|
| 610 |
1 |
|
|a белковые молекулы
|
| 610 |
1 |
|
|a труды учёных ТПУ
|
| 701 |
|
1 |
|a Диденко
|b Н. П.
|c российский ученый, электрофизик
|c профессор кафедры промышленной и медицинской электроники Томского политехнического университета
|f 1936-
|g Нина Павловна
|2 stltpush
|3 (RuTPU)RU\TPU\pers\19780
|
| 701 |
|
1 |
|a Девятков
|b Н. Д.
|
| 701 |
|
1 |
|a Зеленцов
|b В. И.
|
| 701 |
|
1 |
|a Горбунов
|b В. В.
|
| 801 |
|
1 |
|a RU
|b 63413507
|c 20050617
|g PSBO
|
| 801 |
|
2 |
|a RU
|b 63413507
|c 20171006
|g PSBO
|
| 942 |
|
|
|c BK
|